书目信息 |
| 题名: |
教师心理健康研究
|
|
| 作者: | 方方 主编 | |
| 分册: | ||
| 出版信息: | 北京 人民教育出版社 2005 |
|
| 页数: | 438页 | |
| 开本: | 21cm | |
| 丛书名: | ||
| 单 册: | ||
| 中图分类: | G443 | |
| 科图分类: | ||
| 主题词: | 教师心理学--研究 , 教师心理学 | |
| 电子资源: | ||
| ISBN: | 7-107-16536-4 | |
| 000 | 00884nam0 2200265 450 | |
| 000 | 00907nam0 2200265 450 | |
| 000 | 00840nam0 2200241 450 | |
| 000 | 00804oam2 2200229 45 | |
| 005 | 20070727134101.22 | |
| 010 | @a7-107-16536-4@dCNY23.90 | |
| 100 | @a20070710d2005 em y0chiy0120 ea | |
| 101 | 0 | @achi |
| 102 | @aCN@b110000 | |
| 105 | @ay z 000yy | |
| 200 | 1 | @a教师心理健康研究@AJiao Shi Xin Li Jian Kang Yan Jiu@f方方主编@FFang Fang Zhu Bian |
| 210 | @a北京@c人民教育出版社@d2005 | |
| 215 | @a438页@d21cm | |
| 300 | @a浙江省教育科学规划课题研究成果 | |
| 330 | @a本书是浙江省教育科学规划课题的研究成果。全书由上、中、下三编组成,上编是内容编,中编是过程编,下编是心得编。 | |
| 606 | 0 | @a教师心理学@x研究 |
| 606 | 0 | @a教师心理学 |
| 690 | @aG443@v4 | |
| 701 | 0 | @a方方@AFang Fang@c(女,高级讲师)@4主编 |
| 801 | 0 | @aCN@bTAOJIN@c20070727 |
| 905 | @a10447@dG443@e171 | |
| 教师心理健康研究/方方主编.-北京:人民教育出版社,2005 |
| 438页;21cm |
| 浙江省教育科学规划课题研究成果 |
| ISBN 7-107-16536-4:CNY23.90 |
| 本书是浙江省教育科学规划课题的研究成果。全书由上、中、下三编组成,上编是内容编,中编是过程编,下编是心得编。 |
| ● |
| 相关链接 |
|
|
|
|
正题名:教师心理健康研究
索取号:G443/171
 
预约/预借
| 序号 | 登录号 | 条形码 | 馆藏地/架位号 | 状态 | 备注 |
| 1 | 0820945 | 208209455 | 第一样本阅览室/ [索取号:G443/171] | 在馆 | |
| 2 | 0820946 | 208209464 | 第四借阅区/ [索取号:G443/171] | 在馆 | |
| 3 | 0820947 | 208209473 | 第四借阅区/ [索取号:G443/171] | 在馆 | |
| 4 | 0820948 | 208209482 | 第四借阅区/ [索取号:G443/171] | 在馆 | |
| 5 | 0820949 | 208209491 | 第四借阅区/ [索取号:G443/171] | 在馆 |